Statistics for Canadian Landmarks #1

Click here to take the quiz!

General Stats

  • This quiz has been taken 17 times
  • The average score is 8 of 16

Answer Stats

Answer% Correct
Ontario (CN Tower)
100%
PEI (Green Gables Heritage Place)
79%
British Columbia (Gastown)
64%
Nova Scotia (Peggy's Cove Lighthouse)
64%
Ontario (Parliament Hill/Centre Block)
57%
Alberta (West Edmonton Mall)
50%
British Columbia (Canada Place)
50%
Newfoundland and Labrador (L'anse Aux Meadows)
43%
Quebec (Habitat 67)
43%
Quebec (Notre Dame, Montreal)
43%
Saskatchewan (Stone Hall Castle)
43%
Alberta (Iniskim Umaapi/Majorville Medicine Wheel)
36%
Manitoba (Royal Canadian Mint)
36%
New Brunswick (Village Historique Acadien)
36%
Nunavut (Rankin Inlet Inunnguaq)
36%
Manitoba (The Gimli Viking)
21%

Score Distribution

Percentile by Number Answered

Percent of People with Each Score

Your Score History

You have not taken this quiz